Stephen Heritage
Notre Dame A
Categories
Beliefs | 0 | 2 | 0 | 1 | 20 | 123 | 135.50 | 0 | 1 |
Fine Arts - Visual Fine Arts | 0 | 3 | 2 | 0 | 20 | 83 | 101.67 | 1 | 3 |
Other Academic | 0 | 2 | 0 | 0 | 20 | 79 | 83.00 | 1 | 2 |
Science - Biology | 0 | 2 | 0 | 0 | 20 | 120 | 127.00 | 0 | 0 |
Other Science: Astronomy | 0 | 1 | 0 | 1 | 10 | 137 | 137.00 | 0 | 1 |
Science - Physics | 0 | 1 | 0 | 0 | 10 | 104 | 104.00 | 0 | 0 |
Other Arts: Visual | 0 | 1 | 0 | 1 | 10 | 115 | 115.00 | 0 | 0 |
Literature - European Literature | 0 | 1 | 0 | 1 | 10 | 142 | 142.00 | 0 | 1 |
Chemistry> | 0 | 1 | 0 | 1 | 10 | 127 | 127.00 | 0 | 0 |
Literature - American Literature | 0 | 1 | 0 | 0 | 10 | 85 | 85.00 | 1 | 1 |
Other Science: Earth Science | 0 | 0 | 1 | 0 | -5 | 0.00 | 0 | 0 |